Word Ladder: Running and Punning Quiz Stats

 Plays Quiz Updated Sep 28, 2012

Support Sporcle.
Go Orange.
Score 0/14 Timer 03:00
1 Play Today
Hint Answer % Correct
Carly Rae Jepsen's port of this... maybeCALL
88.9%
Some people might feel trapped by this type of phoneCELL
87.4%
This clue is a bit see-through, but brides have to face itVEIL
87.1%
This meat will go straight to your calvesVEAL
86.5%
The zoo completed a deal to acquire this aquatic animalSEAL
85.7%
This TV astronomer's pants weren't SaganCARL
80.9%
Nothing can top this, to add the top wallCEIL
75.6%
Hint Answer % Correct
Greetings! This type of letter is the hallmark of correspondenceCARD
75.3%
This hospital segment wants you to get awayWARD
66.8%
County leaders settle on this SEAT
54.4%
This double entendre probably won't lastWORD
44.2%
This opening has a narrow marginSLAT
35.8%
Reindeer assassins pull this crime offSLAY
30.1%
This double entendre has to start firstPLAY
25.9%

Today's Daily Dose

Missing Word
90s UK #1s

Word Ladder
Full Score

Quick Pick
Prime Books

Get the Picture
Big 4 'P' All-Stars

From the Vault

NFL Players with 500+ Receptions for One Team

by JWilson7

Sports 8m
These teams sure got their money's worth when they recruited these players.
Remove Ads.
Support Sporcle.
Get the best of Sporcle when you Go Orange. This ad-free experience offers more features, more stats, and more fun while also helping to support Sporcle. Thank you for becoming a member.

Show Comments

Extras

Top Quizzes Today


Score Distribution

Your Account Isn't Verified!

In order to create a playlist on Sporcle, you need to verify the email address you used during registration. Go to your Sporcle Settings to finish the process.

Report this User

Report this user for behavior that violates our Community Guidelines.

Details: